000 01837nam a2200349 a 4500
003 BLK
005 20231010152358.0
008 200827b bul|||||r ||||||| ||bul||
020 _a9786197372458
040 _aBLK
041 _aBUL
_cBUL
080 _aБългарска литература(изследвания)
_b821.163.2.09
_z821.163.2.09(092)
_x(092)
080 _aБългарски поет и литератор
_b929 Илков, Ани
_z929 Илков, Ани
100 _aВладимирова, Боряна Владимирова
_eпърви автор
_9344678
139 _aВладимирова, Боряна Владимирова
_bИ 55
245 1 0 _aСеч и меланхолия
_bЛитературна анкета с Ани Илков
_c[интервютата води] Боряна Владимирова
257 _aBGR
260 _aСофия
_bИзд. център "Боян Пенев"
_c2022
_9391695
_f([София] : Дайрект сървисиз)
300 _a199 с.
_c21 см
380 _a82
490 _aЛитературни анкети
_9201749
500 _aПълната форма на името на интервюираното лице Ани Илков е Ани Илков Асенов. - Изд. на БАН. Институт за лит. - Ани Илков през погледа на другите: с. 184-198. - Рец.: Едвин Сугарев, Владимир Левчев.
600 1 4 _972803
_aИлков, Ани
650 0 _aБългарска литература - критика
_9241969
653 7 _aбългарска литература
_9182641
852 _aЦб 314919
_bЦб
856 4 _qpdf
_u
_i0.00
_ldisable
856 4 _qpdf
_u
_i0.00
_ldisable
942 _cKNG
_n0
_s1
944 _c2022-12-12
_k30545
_lНора Радева
999 _c486146
_d486146
999 _d486146